01090nam a22002894a 4500001001200000003000800012006001900020007001500039008004100054010001700095020001500112040002100127035002100148050002800169082001700197100002300214245008400237260005600321300002300377500002000400533015200420650003900572655002900611710001700640856012600657999001700783ebr10228202CaPaEBRm u cr cn|||||||||060302s2006 maua s 001 0 eng  z 2006923270 z1598631586 aCaPaEBRcCaPaEBR a(OCoLC)61449488314aQA76.73.P98bT45 2006eb04a005.13/32221 aTelles, Matthew A.10aPython power!h[electronic resource] :bthe comprehensive guide /cMatt Telles. aBoston, MA :bThomson Course Technology PTR,c2006. axx, 508 p. :bill. aIncludes index. aElectronic reproduction.bPalo Alto, Calif. :cebrary,d2013.nAvailable via World Wide Web.nAccess may be limited to ebrary affiliated libraries. 0aPython (Computer program language) 7aElectronic books.2local2 aebrary, Inc.40uhttp://site.ebrary.com/lib/rucke/Doc?id=10228202zAn electronic book accessible through the World Wide Web; click to view c38501d38501